| 000 | 00370nam a2200145Ia 4500 | ||
|---|---|---|---|
| 008 | 240624s9999 xx 000 0 und d | ||
| 041 | _aeng | ||
| 082 | _a658.83 SIL | ||
| 100 | _aSILVER LAWRENCE | ||
| 245 | _aESSENTIALS OF MARKETING RESEARCH | ||
| 250 | _a(3rd ed.) | ||
| 260 |
_c2014 _aNew Delhi _bRoutledge |
||
| 300 | _aix, : 362 : p. : cm. ; 24 | ||
| 365 |
_cRS _b31 |
||
| 999 |
_c23123 _d23123 |
||